[Event "San Jose de Balcarce Eiroa Cup 10th"]
[Site "San Jose de Balcarce"]
[Date "2017.12.14"]
[Round "4.1"]
[White "Lotito, Gustavo"]
[Black "Saya, Carlos"]
[Result "1/2-1/2"]
[WhiteElo "2009"]
[BlackElo "1878"]
[PlyCount "53"]
[EventDate "2017.11.30"]
[EventType "swiss"]
[EventRounds "5"]
[EventCountry "ARG"]
[SourceTitle "EXT 2024"]
[Source "ChessBase"]
[SourceDate "2023.10.10"]
[SourceVersion "1"]
[SourceVersionDate "2023.10.10"]
[SourceQuality "1"]

1. e4 c5 2. Nf3 d6 3. d4 cxd4 4. Nxd4 Nf6 5. Nc3 a6 6. Bc4 e6 7. 0-0 Be7 8. f4 b5 9. Bb3 b4 10. Na4 Nxe4 11. f5 e5 12. Bd5 Ra7 13. Nc6 Nxc6 14. Bxc6+ Bd7 15. Bxe4 Bxa4 16. Be3 Rd7 17. Qd5 Bb5 18. Rfd1 0-0 19. a4 bxa3 20. Rxa3 Qb8 21. Rc3 Rc7 22. Rxc7 Qxc7 23. Qd2 Bc6 24. Qc3 Ra8 25. f6 Bxf6 26. Bf5 Bd7 27. Bxd7 1/2-1/2

[Event "Villa Diamante op"]
[Site "Villa Diamante"]
[Date "2015.08.17"]
[Round "7"]
[White "Saya, Carlos"]
[Black "Forni, Carlos Guillermo"]
[Result "0-1"]
[WhiteElo "1791"]
[BlackElo "1826"]
[PlyCount "96"]
[EventDate "2015.08.14"]
[EventType "swiss"]
[EventRounds "7"]
[EventCountry "ARG"]
[SourceTitle "EXT 2016"]
[Source "ChessBase"]
[SourceDate "2015.10.08"]
[SourceVersion "1"]
[SourceVersionDate "2015.10.08"]
[SourceQuality "1"]

1. e4 c5 2. d3 Nc6 3. Nf3 g6 4. g3 Bg7 5. c3 d5 6. Nbd2 e6 7. Bg2 Nge7 8. 0-0 0-0 9. Re1 dxe4 10. Nxe4 b6 11. Qe2 Ba6 12. Rd1 Qc7 13. Bf4 e5 14. Be3 Rad8 15. Rd2 h6 16. g4 f5 17. gxf5 gxf5 18. Neg5 hxg5 19. Nxg5 Qd6 20. f4 e4 21. Qh5 Qh6 22. Qd1 Rxd3 23. Qb3+ c4 24. Qa4 Nb8 25. Rxd3 cxd3 26. Qb3+ Kh8 27. Nf7+ Rxf7 28. Qxf7 Nbc6 29. Kh1 Bc8 30. Rg1 Be6 31. Qe8+ Kh7 32. Bf1 Bxa2 33. Rg3 Qf6 34. Rh3+ Bh6 35. Bg2 Bf7 36. Qa8 Nd5 37. Bd2 Nde7 38. Bxe4 fxe4 39. f5 Nxf5 40. Qf8 Nce7 41. Bxh6 Nxh6 42. Rxh6+ Qxh6 43. Qxf7+ Qg7 44. Qh5+ Kg8 45. h4 Qg6 46. Qe5 Kf7 47. h5 Qg4 48. Qh8 d2 0-1

[Event "Villa Diamante op"]
[Site "Villa Diamante"]
[Date "2015.08.17"]
[Round "6"]
[White "Volpe, Leonel"]
[Black "Saya, Carlos"]
[Result "0-1"]
[WhiteElo "1697"]
[BlackElo "1791"]
[PlyCount "174"]
[EventDate "2015.08.14"]
[EventType "swiss"]
[EventRounds "7"]
[EventCountry "ARG"]
[SourceTitle "EXT 2016"]
[Source "ChessBase"]
[SourceDate "2015.10.08"]
[SourceVersion "1"]
[SourceVersionDate "2015.10.08"]
[SourceQuality "1"]

1. Nf3 Nf6 2. c4 b6 3. g3 Bb7 4. Bg2 g6 5. b3 Bg7 6. Bb2 0-0 7. 0-0 e6 8. d4 d5 9. Ne5 Nbd7 10. e3 Nxe5 11. dxe5 Nd7 12. cxd5 exd5 13. Bxd5 c6 14. Bg2 Nxe5 15. Qc2 Qf6 16. Nc3 Nf3+ 17. Kh1 c5 18. Na4 Qg5 19. Bxg7 Kxg7 20. Qc3+ Kg8 21. e4 Nd4 22. f4 Qh5 23. Nb2 Rfe8 24. Rae1 Re7 25. Nc4 Rd8 26. e5 Bxg2+ 27. Kxg2 Nf5 28. Nd6 Nxd6 29. exd6 Re2+ 30. Rxe2 Qxe2+ 31. Rf2 Qe4+ 32. Qf3 Qxf3+ 33. Kxf3 Rxd6 34. Ke4 f6 35. a4 Kf7 36. g4 Ke6 37. f5+ Kf7 38. h3 g5 39. Rc2 Ke7 40. a5 Kd7 41. axb6 axb6 42. Ra2 Kc6 43. Ra7 Rd4+ 44. Ke3 Rd7 45. Ra4 h5 46. Re4 hxg4 47. hxg4 Rd6 48. Re8 Kd7 49. Re4 Rd1 50. Ke2 Rd6 51. Ke3 Kd8 52. b4 Rd7 53. Kf3 Re7 54. Rc4 Re5 55. bxc5 bxc5 56. Ra4 Rd5 57. Ra6 Ke7 58. Re6+ Kf7 59. Rc6 Rd3+ 60. Ke4 Rd4+ 61. Kf3 c4 62. Re6 c3 63. Re1 c2 64. Rc1 Rc4 65. Ke3 Rxg4 66. Rxc2 Rf4 67. Rc5 Kg7 68. Rd5 Kh6 69. Rb5 Kh5 70. Rd5 Kg4 71. Rd1 Kxf5 72. Rd5+ Kg6 73. Rd6 Rf5 74. Rd1 g4 75. Rg1 Rf3+ 76. Ke2 f5 77. Rb1 Kg5 78. Rh1 f4 79. Rh8 Kf5 80. Rf8+ Kg5 81. Rh8 Rh3 82. Rg8+ Kh4 83. Kf2 Rh2+ 84. Kg1 Rb2 85. Rc8 Kg3 86. Kf1 Rb1+ 87. Ke2 f3+ 0-1

[Event "Villa Diamante op"]
[Site "Villa Diamante"]
[Date "2015.08.16"]
[Round "5"]
[White "Aracri, Marcelo"]
[Black "Saya, Carlos"]
[Result "1/2-1/2"]
[WhiteElo "1911"]
[BlackElo "1791"]
[PlyCount "40"]
[EventDate "2015.08.14"]
[EventType "swiss"]
[EventRounds "7"]
[EventCountry "ARG"]
[SourceTitle "EXT 2016"]
[Source "ChessBase"]
[SourceDate "2015.10.08"]
[SourceVersion "1"]
[SourceVersionDate "2015.10.08"]
[SourceQuality "1"]

1. Nf3 Nf6 2. c4 g6 3. g3 Bg7 4. Bg2 0-0 5. 0-0 c6 6. Nc3 d5 7. d4 e6 8. Qc2 b6 9. b3 Bb7 10. Ba3 Re8 11. Rac1 Na6 12. Rfd1 Rc8 13. Qb1 Nb8 14. e4 Bh6 15. e5 Nfd7 16. Rc2 Bf8 17. Bxf8 Kxf8 18. Qc1 Kg7 19. h3 h6 20. Nh2 f6 1/2-1/2

[Event "Villa Diamante op"]
[Site "Villa Diamante"]
[Date "2015.08.15"]
[Round "3"]
[White "Saya, Carlos"]
[Black "Lo Presti, Roberto"]
[Result "0-1"]
[WhiteElo "1791"]
[BlackElo "1956"]
[PlyCount "60"]
[EventDate "2015.08.14"]
[EventType "swiss"]
[EventRounds "7"]
[EventCountry "ARG"]
[SourceTitle "EXT 2016"]
[Source "ChessBase"]
[SourceDate "2015.10.08"]
[SourceVersion "1"]
[SourceVersionDate "2015.10.08"]
[SourceQuality "1"]

1. e4 d5 2. exd5 Qxd5 3. Nc3 Qa5 4. Bc4 Nf6 5. Nf3 Bg4 6. 0-0 Nc6 7. Bb5 0-0-0 8. Bxc6 bxc6 9. Qe2 e6 10. Qe5 Bc5 11. d4 Bxf3 12. Qxc5 Qxc5 13. dxc5 Be4 14. Nxe4 Nxe4 15. Be3 Rd5 16. c4 Rd7 17. Rad1 Rhd8 18. Rxd7 Rxd7 19. g3 e5 20. Kg2 f5 21. Rc1 Rd3 22. Rc2 g5 23. b4 f4 24. Bc1 f3+ 25. Kh3 h5 26. Be3 Kd7 27. Bc1 Ke6 28. g4 h4 29. b5 Rc3 30. Rxc3 Nxf2# 0-1